El secreto del submarino: la historia mejor guardada de la Armada de Chile
Saved in:
| Main Authors: | , |
|---|---|
| Format: | Bog |
| Sprog: | spansk |
| Udgivet: |
Santiago
Ediciones B
2016
|
| Udgivelse: | 1a. ed |
| Fag: | |
| Tags: |
Tilføj Tag
Ingen Tags, Vær først til at tagge denne postø!
|
MARC
| LEADER | 00000cam a2200000 a 4500 | ||
|---|---|---|---|
| 001 | UCD5786 | ||
| 003 | CL-VaPUC | ||
| 005 | 20231204172334.0 | ||
| 008 | 161007e20160000cl |||||||||||||||||spa|d | ||
| 999 | |c 366338 |d 366336 | ||
| 020 | |a 9789563042269 | ||
| 040 | |c Pontificia Universidad Católica de Valparaíso | ||
| 082 | 0 | 4 | |a 359.933005 AVE 2016 |b |2 21 |
| 100 | 0 | |a Avendaño Caneo, Daniel |e author |9 589542 | |
| 245 | 1 | 3 | |a El secreto del submarino: la historia mejor guardada de la Armada de Chile |
| 250 | |a 1a. ed | ||
| 260 | |a Santiago |b Ediciones B |c 2016 | ||
| 300 | |a 185 p | ||
| 583 | |a last modification |c 20161007 09:49:00 |k Rodrigo Vera | ||
| 650 | 0 | |a Fuerzas Armadas |9 255504 |x Historia naval |z Chile | |
| 650 | 0 | |a Submarinos |9 324330 |x Guerras navales |v Investigación periodística |z Latinoamérica |z Estados Unidos |z Unión Soviética | |
| 700 | 0 | |a Palma Zárate, Mauricio |e author |9 589543 | |
| 942 | |c BK |2 ddc | ||
| 945 | |d 20161007 09:49:00 |a dcastane | ||